Normal view
MARC view
Entry Personal Name
001 - CONTROL NUMBER
- control field: 29856
003 - CONTROL NUMBER IDENTIFIER
- control field: OSt
005 - DATE AND TIME OF LATEST TRANSACTION
- control field: 20220413122550.0
008 - FIXED-LENGTH DATA ELEMENTS
- fixed length control field: 220413|| aca||aabn | a|a d
040 ## - CATALOGING SOURCE
- Original cataloging agency: OSt
- Transcribing agency: OSt
100 ## - HEADING--PERSONAL NAME
- Personal name: Spencer Johnson
670 ## - SOURCE DATA FOUND
- Source citation: Work cat.: (OSt)222411: Spencer Johnson, Who moved my cheese:an amazing way to deal with change in your work and in your life, 1999